Culture of Class (Record no. 61671)

MARC details
000 -LEADER
fixed length control field 01769nam a2200277Ii 4500
003 - CONTROL NUMBER IDENTIFIER
control field URS
005 - DATE AND TIME OF LATEST TRANSACTION
control field 20230602142502.0
008 - FIXED-LENGTH DATA ELEMENTS--GENERAL INFORMATION
fixed length control field 221202s xx 000 0 und d
040 ## - CATALOGING SOURCE
Transcribing agency URS
100 1# - MAIN ENTRY--PERSONAL NAME
Personal name Karush, Matthew B,
Relator term author
245 #0 - TITLE STATEMENT
Title Culture of Class
246 ## - VARYING FORM OF TITLE
Title proper/short title Radio and Cinema in the Making of a Divided Argentina, 1920:1946
264 #1 - PRODUCTION, PUBLICATION, DISTRIBUTION, MANUFACTURE, AND COPYRIGHT NOTICE
Place of production, publication, distribution, manufacture Durham, NC
Name of producer, publisher, distributor, manufacturer Duke University Press
Date of production, publication, distribution, manufacture, or copyright notice 2012
300 ## - PHYSICAL DESCRIPTION
Extent 1 online resource
336 ## - CONTENT TYPE
Content type term text
Content type code txt
Source rdacontent
337 ## - MEDIA TYPE
Media type term computer
Media type code c
Source rdamedia
338 ## - CARRIER TYPE
Carrier type term online resource
Carrier type code cr
Source rdacarrier
520 ## - SUMMARY, ETC.
Summary, etc. In an innovative cultural history of Argentine movies and radio in the decades before Peronism, Matthew B. Karush demonstrates that competition with jazz and Hollywood cinema shaped Argentina's domestic cultural production in crucial ways, as Argentine producers tried to elevate their offerings to appeal to consumers seduced by North American modernity. At the same time, the transnational marketplace encouraged these producers to compete by marketing "authentic" Argentine culture. Domestic filmmakers, radio and recording entrepreneurs, lyricists, musicians, actors, and screenwriters borrowed heavily from a rich tradition of popular melodrama. Although the resulting mass culture trafficked in conformism and consumerist titillation, it also disseminated versions of national identity that celebrated the virtue and dignity of the poor, while denigrating the wealthy as greedy and mean-spirited.
653 ## - INDEX TERM--UNCONTROLLED
Uncontrolled term Argentina
653 ## - INDEX TERM--UNCONTROLLED
Uncontrolled term Buenos Aires
653 ## - INDEX TERM--UNCONTROLLED
Uncontrolled term History
653 ## - INDEX TERM--UNCONTROLLED
Uncontrolled term Juan Per�N
653 ## - INDEX TERM--UNCONTROLLED
Uncontrolled term Media Culture
856 ## - ELECTRONIC LOCATION AND ACCESS
Uniform Resource Identifier <a href="https://library.oapen.org/bitstream/20.500.12657/30265/1/648152.pdfhttp://library.oapen.org/handle/20.500.12657/30265">https://library.oapen.org/bitstream/20.500.12657/30265/1/648152.pdfhttp://library.oapen.org/handle/20.500.12657/30265</a>
942 ## - ADDED ENTRY ELEMENTS (KOHA)
Koha item type E-Book
Source of classification or shelving scheme Library of Congress Classification
Holdings
Withdrawn status Damaged status Not for loan Home library Current library Date acquired Total Checkouts Date last seen Price effective from Koha item type
      Directory of Open Access Books Directory of Open Access Books 11/28/2022   11/28/2022 11/28/2022 E-Book

University of Rizal System
Email us at univlibservices@urs.edu.ph

Visit our Website www.urs.edu.ph/library